Marketing en redes sociales detrs̀ de escena /

Detalles Bibliográficos
Autor principal: Benedetti, Ariel M.
Formato: eBook
Lenguaje:español
Publicado: Bogot:̀ Ediciones de la U, 2021
Edición:Tercera Edicin̤
Materias:
Acceso en línea:Acceso restringido

MARC

LEADER 00000nam a22000007a 4500
005 20210909114828.0
007 cr|||| ||||
008 210909s2021 co |||||s|||| 00||0 spa d
020 |a 978-958-792-149-6 
035 |a 35033 
040 |a vLex 
090 |c 12359  |d 12359 
100 1 |a Benedetti, Ariel M. 
245 1 0 |a Marketing en redes sociales  |h [Recurso electrn̤ico] :  |b detrs̀ de escena /  |c Ariel M. Benedetti 
250 |a Tercera Edicin̤ 
256 |a Servicio en ln̕ea 
260 |a Bogot:̀  |b Ediciones de la U,  |c 2021 
300 |a 1 recurso electrn̤ico 
500 |a Esta obra es fundamental para ld̕eres de marketing, empresarios, estudiantes, universitarios, acadm̌icos, emprendedores, pymes y lectores v̀idos en descubrir una metodologa̕ de Gestin̤ Efectiva de Marketing en Redes Sociales y los mejores casos de x̌ito de la Argentina. Luego de dos exitosas ediciones, se ha transformado en uno de los libros de marketing ms̀ vendidos y relevantes de los l︢timos aǫs. El autor asume un rol de investigador y presenta el estado del arte de la materia. Con una mirada objetiva, reflexiva y analt̕ica, emprenders̀ una aventura amena y apasionante. Tu visin̤ del marketing no ser ̀igual luego de leerla. 
506 1 |a Disponible solo en los productos indicados  |d vLex Global  |d vLex Global (Academic Edition, excluding Law Schools)  |d vLex Global (U.S. Academic Edition, Law Schools)  |d vLex Global (U.S. Academic Edition, excluding Law Schools)  |d vLex Global (Academic Edition, Law Schools) 
650 0 4 |a Marketing  |z Colombia 
740 0 |a vLex Libros (Servicio en ln̕ea) 
856 4 0 |u https://app.vlex.com/#/sources/35033  |z Acceso restringido 
942 |c BOOK 
999 0 |a Marketing